000 00462nam a2200169Ia 4500
008 151213s9999 xx 000 0 und d
020 _a984-809031-9
100 _aDr . Shireen Haqu Osmany
245 _aBritish Policy and The Port Of Chittagong - 1892 -1912
_cDr . Shireen Haqu Osmany
250 _a1st
260 _aDhaka
_bUGC
_c2007
300 _a4419 p.
650 _aHistory
650 _aReference
700 _aDr . Shireen Haqu Osmany
999 _c2801
_d2801